Lesbian, gay, bisexual and transgender families and the free movement directive Implementation Guidelines
সংরক্ষণ করুন:
| প্রধান লেখক: | |
|---|---|
| সংস্থা লেখক: | |
| অন্যান্য লেখক: | |
| বিন্যাস: | গ্রন্থ |
| ভাষা: | ইংরেজি |
| প্রকাশিত: |
Bruxelles
ILGA Europe
2008
|
| ট্যাগগুলো: |
কোনো ট্যাগ নেই, প্রথমজন হিসাবে ট্যাগ করুন!
|
MARC
| LEADER | 00000nam a2200000 4500 | ||
|---|---|---|---|
| 005 | 20240605181441.0 | ||
| 008 | 240605b |||||||| |||| 00| 0 eng d | ||
| 040 | |c GP | ||
| 100 | |a Bell, Mark | ||
| 110 | |a ILGA Europe | ||
| 245 | |a Lesbian, gay, bisexual and transgender families and the free movement directive |b Implementation Guidelines | ||
| 260 | |a Bruxelles |b ILGA Europe |c 2008 | ||
| 700 | |a Bonini Baraldi, Matteo | ||
| 942 | |2 ddc |c BK |n 0 | ||
| 952 | |0 0 |1 0 |2 ddc |4 0 |6 306_850000000000000_BEL |7 1 |9 1359 |a RM |b RM |d 2024-06-05 |l 0 |o 306.850 BEL |p 191 |r 2024-06-05 18:15:02 |w 2024-06-05 |y BK | ||
| 999 | |c 1249 |d 1249 | ||